| 000 | 00385nam a2200145Ia 4500 | ||
|---|---|---|---|
| 008 | 150201s2005 xx 000 0 und d | ||
| 082 |
_a617.601 _bC2005M |
||
| 100 | _aMANSON | ||
| 245 | _aCONCEPT IN DENTAL PUBLIC HEALTH | ||
| 250 | _a1ST | ||
| 260 |
_bLIPPINCOTT PUBLICATION _aPHILADELPHIA _c2005 |
||
| 300 | _a1-375 | ||
| 650 | _aPREVENTIVE AND COMMUNITY DENTISTRY | ||
| 942 |
_2ddc _cBK |
||
| 999 |
_c4164 _d4164 |
||